00464 2200181 4500001002100000005001700021035002400038040001200062082001000074084001600084100002000100245004700120260005600167300001100223650002100234850001200255990001500267YOGYA00000000001171320170201101837.0 0010-081400000011431 aYOPDYOG a711.4 a711.4 Bud T aBudi Supriyanto aTeka-Teka Si Enanm Jari /cBudi Supriyanto a[S.L]bBoard Of Acrence Devlopment, Strategisc1985 a18 cm. aBacaan anak-anak aYOPDYOG a31406-B/99